01439nam a2200361 a 4500001001200000003000800012006001900020007001500039008004100054010001700095020004300112020002700155040002100182035002100203043001200224050002500236082001400261100002700275245012700302260004800429300001500477490003900492504005100531533015200582650003400734650003200768650003700800650003200837655002900869710001700898830003600915856012600951ebr10753246CaPaEBRm o u cr cn|||||||||130422s2013 enk sb 001 0 eng d z 2013015420 z9781409468127 (hardcover : alk. paper) z9781409468134 (e-book) aCaPaEBRcCaPaEBR a(OCoLC)868951327 ae-uk-en14aRG518.G7bW55 2014eb04a618.22231 aWilson, Adrian,d1947-10aRitual and conflicth[electronic resource] :bthe social relations of childbirth in early modern England /cAdrian Wilson. aFarnham, Surrey, England :bAshgate,c2013. avi, 261 p.1 aThe history of medicine in context aIncludes bibliographical references and index. aElectronic reproduction.bPalo Alto, Calif. :cebrary,d2013.nAvailable via World Wide Web.nAccess may be limited to ebrary affiliated libraries. 0aChildbirthzEnglandxHistory. 0aFamilieszEnglandxHistory. 0aBirth customszEnglandxHistory. 0aMedicinezEnglandxHistory. 7aElectronic books.2local2 aebrary, Inc. 0aHistory of medicine in context.40uhttp://site.ebrary.com/lib/rucke/Doc?id=10753246zAn electronic book accessible through the World Wide Web; click to view